000 00641nam a2200193Ia 4500
003 IN-BaIIA
008 211028s9999 xx 000 0 eng d
040 _cIIA Library
080 _a533
_bBRO
100 _aBrown, Sanborn C.
_93839
245 0 _aBasic data of plasma physics
_cSanborn C. Brown
260 _aMassachusetts
_bMassachusetts Institute of Tehcnology Press
_c1959
300 _aviii, 336p.
490 _aTechnology press books in science and engineering
650 _aAstronomy and astrophysics thesaurus
650 _aPlasma physics
_93732
650 _aPlasmas
_91898
942 _cBK
999 _c2032
_d2032